| 000 | 00442nam a2200181Ia 4500 | ||
|---|---|---|---|
| 001 | 13970 | ||
| 005 | 20260306164840.0 | ||
| 008 | 260306t2011||||xx |||||||||||||| ||spa|| | ||
| 041 | _aESP | ||
| 082 |
_a005.74 _bO697 |
||
| 100 |
_aÖzsu, M. Tamer _eAUT |
||
| 245 | 0 | _aPrinciples of distributed database systems | |
| 260 | _c2011 | ||
| 300 |
_axix, 845 páginas : _c24 cm. |
||
| 650 | _aGEN | ||
| 654 | _aCCC | ||
| 942 |
_cLIB _dJUS _fJUS _2ddc _n |
||
| 999 |
_c13970 _d13970 |
||